College Hockey Arenas - Statistics

General Stats
  • This quiz has been taken 10 times
  • The average score is 8 of 61
Answer Stats
Hint Answer % Correct
Minnesota 3M Arena at Mariucci
70%
Minnesota Duluth Amsoil Arena
70%
Michigan Yost Ice Arena
50%
St Cloud State Herb Brooks National Hockey Center
40%
Northern Michigan Berry Events Center
30%
Western Michigan Lawson Ice Arena
30%
Michigan State Munn Ice Arena
30%
Lake Superior State Taffy Abel Arena
30%
Boston College Conte Forum
20%
Northeastern Matthews Arena
20%
Colorado College The Broadmoor World Arena
20%
Air Force USAFA Cadet Ice Arena
20%
Maine Alfond Arena
10%
St. Lawrence Appleton Arena
10%
Boston University Boston University: Agganis Arena
10%
Harvard Bright-Landry Hockey Center
10%
Penn Class of 1923 Arena
10%
Arizona State Desert Financial Arena
10%
RIT Gene Polisseni Center
10%
Miami Goggin Ice Center
10%
Holy Cross Hart Center
10%
Princeton Hobey Baker Memorial Ice Rink
10%
Yale Ingalls Ice Rink
10%
Michigan Tech John Macinnes Student Ice Arena
10%
Canisius LECOM Harborcenter
10%
Cornell Lynah Rink
10%
Minnesota State Mankato Civic Center
10%
Connecticut Mark Edward Freitas Ice Forum
10%
Brown Meehan Auditorium
10%
Mercyhurst Mercyhurst Ice Center
10%
Massachusetts Mullins Center
10%
AIC Olympia Ice Center
10%
Penn State Pegula Ice Arena
10%
Quinnipiac People's United Center
10%
North Dakota Ralph Engelstad Arena
10%
Ferris State R.L. Ewigleben Sports Complex
10%
Robert Morris Robert Morris University Island Sports Center
10%
Bemidji State Sanford Center
10%
Army Tate Rink
10%
Bentley The Bentley Arena
10%
Ohio State The Schottenstein Center
10%
Dartmouth Thompson Arena
10%
UMass Lowell Tsongas Center at UMass Lowell
10%
Denver University of Denver - Magness Arena
10%
Merrimack Volpe Athletic Complex
10%
Sacred Heart Webster Bank Arena
10%
Omaha Baxter Arena
0%
Alaska Carlson Center
0%
Clarkson Cheel Arena
0%
Notre Dame Compton Family Ice Arena
0%
Niagara Dwyer Arena
0%
Union Frank L Messa Rink
0%
Vermont Gutterson Fieldhouse
0%
Rensselaer Houston Field House
0%
Wisconsin Kohl Center
0%
Providence Schneider Center
0%
Bowling Green Slater Family Ice Arena
0%
Colgate Starr Arena
0%
Alaska Anchorage Sullivan Arena
0%
Alabama Huntsville Von Braun Center
0%
New Hampshire Whittemore Center Arena
0%
No matching quizzes found
Score Distribution
Percent of People with Each Score
Percentile by Number Answered
Your Score History
You have not taken this quiz